[Event "Baku op"]
[Site "Baku"]
[Date "2019.09.21"]
[Round "2"]
[White "Gholami Orimi, Mahdi"]
[Black "Guliyev, Gasan Alipasha"]
[Result "1-0"]
[WhiteElo "2441"]
[BlackElo "1935"]
[PlyCount "72"]
[EventDate "2019.09.20"]
[EventType "swiss"]
[EventRounds "9"]
[EventCountry "AZE"]
[SourceTitle "EXT 2020"]
[Source "ChessBase"]
[SourceDate "2019.10.17"]
[SourceVersion "1"]
[SourceVersionDate "2019.10.17"]
[SourceQuality "1"]

1. d4 d5 2. c4 dxc4 3. e4 e5 4. Nf3 Bb4+ 5. Nbd2 exd4 6. Bxc4 Nc6 7. 0-0 Nge7 8. Ng5 Ne5 9. Qb3 0-0 10. Qxb4 N7c6 11. Qa4 a6 12. f4 Ng4 13. Ndf3 h6 14. Nh3 Bd7 15. Qd1 Na5 16. Be2 c5 17. b4 d3 18. Bxd3 cxb4 19. Nf2 Qb6 20. Qe2 Rfd8 21. Bb2 Nxf2 22. Qxf2 Qxf2+ 23. Kxf2 Be6 24. Rfd1 b5 25. Nd4 Bc4 26. Bc2 Rac8 27. Nf5 Kh7 28. Nd6 Rxd6 29. Rxd6 Be6 30. Bd3 Nb7 31. Rd4 Nc5 32. f5 Bc4 33. Bxc4 bxc4 34. Rxc4 Nd3+ 35. Ke3 Rxc4 36. Kxd3 Rc5 1-0

[Event "AZE-ch 74th"]
[Site "Baku"]
[Date "2019.01.20"]
[Round "5"]
[White "Guliyev, Gasan Alipasha"]
[Black "Novruzov, Emin"]
[Result "1/2-1/2"]
[WhiteElo "1997"]
[BlackElo "1910"]
[PlyCount "180"]
[EventDate "2019.01.16"]
[EventType "swiss"]
[EventRounds "9"]
[EventCountry "AZE"]
[SourceTitle "CBM 188 Extra"]
[Source "ChessBase"]
[SourceDate "2019.02.28"]
[SourceVersion "1"]
[SourceVersionDate "2019.02.28"]
[SourceQuality "1"]

1. d4 d5 2. Nf3 Nf6 3. e3 Bg4 4. Be2 e6 5. 0-0 Be7 6. b3 0-0 7. Bb2 Ne4 8. Nfd2 Bxe2 9. Qxe2 Nxd2 10. Nxd2 f5 11. Qb5 Qc8 12. f3 Nd7 13. e4 Nf6 14. Rae1 Re8 15. Re2 Qd7 16. Qxb7 a6 17. exd5 exd5 18. Rfe1 Reb8 19. Rxe7 Rxb7 20. Rxd7 Nxd7 21. Nf1 Nf6 22. Ng3 g6 23. Ne2 Re8 24. Kf2 c6 25. Rd1 Rbe7 26. Rd2 Kf7 27. Nc1 Nd7 28. Nd3 Re6 29. Kf1 g5 30. a4 Kg6 31. h3 f4 32. Kf2 Kf5 33. a5 h5 34. Kf1 Nf6 35. Ne5 g4 36. hxg4+ hxg4 37. Ke2 g3 38. Rd1 Rh8 39. Rg1 Nd7 40. Kd3 Nxe5+ 41. dxe5 Rh2 42. c4 Reh6 43. cxd5 cxd5 44. b4 Rh1 45. Rxh1 Rxh1 46. b5 axb5 47. Kd4 Rd1+ 48. Kc3 d4+ 49. Kc2 Rg1 50. a6 Rxg2+ 51. Kb3 Rxb2+ 52. Kxb2 g2 53. a7 g1Q 54. a8Q Qf2+ 55. Kb3 Qe3+ 56. Kb4 Qxe5 57. Qf8+ Kg6 58. Qg8+ Kh6 59. Qf8+ Kh5 60. Qg8 Kh6 61. Qf8+ Kh5 62. Qg8 Qd6+ 63. Kxb5 d3 64. Qh7+ Kg5 65. Qg7+ Kf5 66. Qf7+ Ke5 67. Qg7+ Kd5 68. Qg5+ Kd4 69. Qg1+ Kd5 70. Qg8+ Ke5 71. Qg5+ Ke6 72. Qg6+ Kd7 73. Qh7+ Kc8 74. Qh8+ Kc7 75. Qc3+ Kb7 76. Qg7+ Qc7 77. Qd4 Qc6+ 78. Kb4 Qxf3 79. Kc3 Kc6 80. Qxd3 Qg3 81. Kd4 Qg7+ 82. Ke4 Qg6+ 83. Kd4 Qg7+ 84. Ke4 Qh7+ 85. Kd4 Qh4 86. Qg6+ Kd7 87. Qf5+ Ke7 88. Ke4 f3+ 89. Kxf3 Qf6 90. Qxf6+ Kxf6 1/2-1/2

[Event "AZE-ch 74th"]
[Site "Baku"]
[Date "2019.01.19"]
[Round "4"]
[White "Isgandarov, Shahriyar"]
[Black "Guliyev, Gasan Alipasha"]
[Result "1-0"]
[WhiteElo "2113"]
[BlackElo "1997"]
[PlyCount "87"]
[EventDate "2019.01.16"]
[EventType "swiss"]
[EventRounds "9"]
[EventCountry "AZE"]
[SourceTitle "CBM 188 Extra"]
[Source "ChessBase"]
[SourceDate "2019.02.28"]
[SourceVersion "1"]
[SourceVersionDate "2019.02.28"]
[SourceQuality "1"]

1. e4 e6 2. d4 d5 3. Nd2 c5 4. c3 Nf6 5. Bd3 Nc6 6. Ngf3 cxd4 7. cxd4 dxe4 8. Nxe4 Bb4+ 9. Nc3 0-0 10. 0-0 b6 11. Bb5 Ne7 12. Bg5 Bb7 13. a3 Bxc3 14. bxc3 Ne4 15. Qd3 Nxg5 16. Nxg5 Ng6 17. Qg3 Qf6 18. Rfe1 Qf4 19. Bd3 Qxg3 20. hxg3 Rac8 21. Rec1 Rc7 22. a4 Rfc8 23. Ra3 Ne7 24. Bxh7+ Kf8 25. Bd3 Nd5 26. Ne4 Ke7 27. c4 Nb4 28. Nd2 Rd8 29. Be2 Rxd4 30. Nb3 Rd8 31. a5 Nd3 32. Rc3 Nc5 33. Nxc5 Rxc5 34. axb6 axb6 35. Rcb3 Rd6 36. Ra7 Rc7 37. c5 Rdd7 38. Rxb7 Rxb7 39. c6 Rb8 40. cxd7 Kxd7 41. Bb5+ Kd6 42. Rc3 Ra8 43. Rc6+ Kd5 44. Rxb6 1-0

[Event "AZE-ch 74th"]
[Site "Baku"]
[Date "2019.01.17"]
[Round "2"]
[White "Ilyasli, Ughur"]
[Black "Guliyev, Gasan Alipasha"]
[Result "1/2-1/2"]
[WhiteElo "2148"]
[BlackElo "1997"]
[PlyCount "81"]
[EventDate "2019.01.16"]
[EventType "swiss"]
[EventRounds "9"]
[EventCountry "AZE"]
[SourceTitle "CBM 188 Extra"]
[Source "ChessBase"]
[SourceDate "2019.02.28"]
[SourceVersion "1"]
[SourceVersionDate "2019.02.28"]
[SourceQuality "1"]

1. e4 e6 2. d4 d5 3. Nd2 Nf6 4. e5 Nfd7 5. f4 c5 6. c3 Nc6 7. Ndf3 a6 8. g3 b5 9. Bh3 cxd4 10. cxd4 Bb4+ 11. Kf2 Qb6 12. Kg2 Qc7 13. f5 exf5 14. Bf4 Qb6 15. Bxf5 Ndxe5 16. Bxc8 Nxf3 17. Bd7+ Kxd7 18. Nxf3 Rhd8 19. Qb3 Ke8 20. Rac1 Bd6 21. Bg5 f6 22. Qxd5 Ne7 23. Rhe1 Kf8 24. Qe6 Qb7 25. Be3 Qd5 26. Bf2 Qxe6 27. Rxe6 Kf7 28. Re2 Nd5 29. a3 Rab8 30. Rc6 a5 31. Ra6 Ra8 32. Rxa8 Rxa8 33. Nd2 a4 34. Ne4 Bf8 35. Rc2 Re8 36. Kf3 h6 37. Rc6 Re6 38. Rc8 Re8 39. Rc6 Re6 40. Rc8 Re8 41. Rc6 1/2-1/2

[Event "Dubai op 16th"]
[Site "Dubai"]
[Date "2014.04.08"]
[Round "2"]
[White "Lalith, Babu MR"]
[Black "Guliyev, Gasan Alipasha"]
[Result "1-0"]
[WhiteElo "2594"]
[BlackElo "1974"]
[PlyCount "67"]
[EventDate "2014.04.07"]
[EventType "swiss"]
[EventRounds "9"]
[EventCountry "UAE"]
[SourceTitle "CBM 159 Extra"]
[Source "ChessBase"]
[SourceDate "2014.04.24"]
[SourceVersion "1"]
[SourceVersionDate "2014.04.24"]
[SourceQuality "1"]

1. d4 d5 2. Nf3 Nf6 3. c4 c6 4. Nc3 a6 5. c5 g6 6. g3 Bg7 7. Bg2 0-0 8. 0-0 Nbd7 9. Qc2 Re8 10. Rd1 h6 11. h3 Nh7 12. e4 dxe4 13. Nxe4 Ndf6 14. Nc3 Be6 15. Ne5 Nd5 16. Qe2 Nf8 17. h4 h5 18. Ne4 f6 19. Nc4 Qc7 20. Bd2 Bf7 21. Rac1 Ne6 22. Ba5 Qd7 23. Nc3 Nec7 24. Na4 Qf5 25. Be4 Qg4 26. Bf3 Qf5 27. Re1 Bh6 28. Rcd1 Kg7 29. Bg2 g5 30. Be4 Qh3 31. Qd3 Be6 32. Bxc7 Nxc7 33. Ne3 Kh8 34. Bg2 1-0